Návrh pracoviska 3-osého pneumatického "Pick and Place" manipulátora = Three-axis pneumatic "Pick and Place" juggler workstation design : Diplomová práca
Enregistré dans:
| Auteur principal: | |
|---|---|
| Autres auteurs: | |
| Format: | Manuscrit Livre |
| Langue: | slovaque |
| Publié: |
Trnava :
STU v Bratislave MTF UVSM,
2009
|
| Sujets: | |
| Tags: |
Pas de tags, Soyez le premier à ajouter un tag!
|
MARC
| LEADER | 00000ntm a22000003a 4500 | ||
|---|---|---|---|
| 001 | stu179858 | ||
| 005 | 20150617230046.8 | ||
| 008 | 090211s2009----xo------------------slo-d | ||
| 040 | |a STU |b slo | ||
| 041 | 0 | |a slo | |
| 044 | |a xo | ||
| 100 | 1 | |a Holubek, Radovan, |d 1984- |4 aut |u M2000 |U MTF Materiálovotechnologická fakulta |T MTF Ústav výrobných systémov a aplikovanej mechaniky |X 4311 |U M2000 |Y 82 |7 A000004311 | |
| 245 | 1 | |a Návrh pracoviska 3-osého pneumatického "Pick and Place" manipulátora = Three-axis pneumatic "Pick and Place" juggler workstation design : |b Diplomová práca | |
| 260 | |a Trnava : |b STU v Bratislave MTF UVSM, |c 2009 | ||
| 300 | |a 66 s |c príl., 1 CD-ROM | ||
| 500 | |a Študijný program: výrobné zariadenia a systémy | ||
| 500 | |a Študijný odbor: 5.2.50 výrobná technika | ||
| 650 | 7 | |a jednoúčelové manipulátory |2 stusub | |
| 700 | 1 | |a Velíšek, Karol, |d 1951- |4 xxx |u M2000 |U MTF Materiálovotechnologická fakulta |T MTF Ústav výrobných systémov a aplikovanej mechaniky |X 234 |U M2000 |Y 82 |7 A000000234 | |
| 700 | 1 | |a Zvolenský, Radovan, |d 1981- |4 csl |u M170 |U MTF Ústav výrobných systémov a aplikovanej mechaniky |T MTF Katedra technologických zariadení a systémov |X 3785 |U M170 |Y M170 |7 A000003785 | |
| 996 | |b 284M069647 |c M*DP-7503 |l MMSKP |s P |a 0 |w stu179858_0001 | ||